| 000 | 00466nam a2200193Ia 4500 | ||
|---|---|---|---|
| 008 | 170918s9999 xx 000 0 und d | ||
| 020 | _a439460107 | ||
| 050 | _bA646 2001 | ||
| 100 | _aAppelt, Kathi | ||
| 245 | _aBubbles, bubbles / | ||
| 245 | _cKathi Appelt ; pictures by Fumi Kosaka. | ||
| 260 | _aNew York : | ||
| 260 | _bScholastic, | ||
| 260 | _c2001 | ||
| 300 | _aunpaged : | ||
| 300 | _bcolored illustration ; | ||
| 300 | _c20cm. | ||
| 500 | _a620 | ||
| 999 |
_c341739 _d341739 |
||